000 00424nam a2200157Ia 4500
003 GCL
008 140319s9999 xx 000 0 eng d
040 _aGCL /
_cGCL
082 0 4 _a421.52
_bM E
100 1 _aMURRAY, LINDLEY
245 1 0 _aTHE ENGLISH READER /
_cMURRAY, LINDLEY
260 _a[S.N] :
_bROUTLEDGE ،
_c1996
650 0 4 _aENGLISH LANGUAGE
650 0 4 _aENGLISH LANGUAGE - STUDY AND TEACHING
942 _2ddc
_cBK
999 _c13185
_d13185